Most Populated City in Each County in New Hampshire - Statistics

General Stats
  • This quiz has been taken 35 times
  • The average score is 7 of 10
Answer Stats
County City Pop. City % Correct
Merrimack 44,006 Concord
100%
Hillsborough 115,462 Manchester
100%
Belknap 17,025 Laconia
80%
Coös 9,704 Berlin
75%
Strafford 33,171 Dover
65%
Cheshire 23,106 Keene
65%
Carroll 10,266 Conway
60%
Rockingham 33,109 Derry
55%
Grafton 15,005 Lebanon
55%
Sullivan 13,039 Claremont
40%
No matching quizzes found
Score Distribution
Percent of People with Each Score
Percentile by Number Answered
Your Score History
You have not taken this quiz